Pes - liečiteľ (nielen) chorých

Podrobná bibliografia
Hlavný autor: Pospišilová, Ľudmila (Autor)
Médium: Článok
Jazyk:slovenčina
ISSN:1335-9282
Predmet:
On-line prístup:www.dogsk.sk

MARC

LEADER 00000nab a2200000 a 4500
001 vtls010086536
003 SK-MaSNL
005 20260304002033.0
008 100420c201001 xo r p 000 00slo
015 |a SNBRB2010/04SVKPO 
038 |a SVKPOCL 
040 |a SVKPOCL  |b slo  |c AACR2  |e AACR2 
041 |a slo 
044 |a xo  |c SK 
080 |a 615.851:636.7  |2 2001 
080 |a 636.7  |2 2001 
100 1 |a Pospišilová, Ľudmila  |4 aut  |9 483292 
245 1 0 |a Pes - liečiteľ (nielen) chorých  |c Ľudmila Pospíšilová 
650 0 7 |a psy  |2 svkpocl  |9 1288 
650 0 7 |a canisterapia  |2 svkpocl  |9 18456 
773 0 |t Kynologická revue  |g Roč. XXI, č. 1 (2010), s. 32  |x 1335-9282 
852 |a SVKPO  |b KIS3GCP 
856 4 1 |u www.dogsk.sk 
958 |a NB 
958 |a SK 
999 |c 2539939  |d 2541869